[Event "AUTO-ELITE-2588"]
[Site "http://www.queenalice.com/game.php?id=1859291"]
[Date "2025.7.3"]
[Round "1"]
[White "Sexxy_Bunny"]
[Black "acid"]
[Result "1/2-1/2"]
[WhiteElo "2695"]
[BlackElo "2718"]

1. e4 c5 2. Nf3 Nc6 3. d4 cxd4 4. Nxd4 e6 5. Nc3 a6 6. Be3 Nf6 7. Bd3 e5 8. Nf5
g6 9. Nh6 d5 10. Bg5 Bxh6 11. Bxh6 d4 12. Bg7 dxc3 13. Bxh8 cxb2 14. Rb1 Nd7 15.
Qd2 Nc5 16. Rxb2 Qd4 17. Rb1 Nxe4 18. Qe3 Qc3+ 19. Ke2 Nc5 20. Rhe1 Be6 21. Kf1
O-O-O 22. Bxe5 Qxe5 23. Qxe5 Nxe5 24. Rxe5 Nxd3 25. cxd3 Bxa2 26. Ra1 Bd5 27.
Re7 Kb8 28. Ke2 Ka7 29. Kd2 Kb6 30. Rb1+ Kc5 31. Rc7+ Kd6 32. Rbc1 Rf8 33. Rc8
Rxc8 34. Rxc8 Bxg2 35. f4 h5 36. Rd8+ Kc5 37. Rc8+ Kd6 38. Rf8 Bd5 39. Rd8+ Kc5
40. f5 a5 41. Rc8+ Kb4 42. Rg8 gxf5 43. Rg5 Be6 44. Rxh5 a4 45. Kc2 a3 46. h4 b5
47. Rg5 f6 48. Rg6 Bb3+ 49. Kb1 Kc3 50. Rxf6 Bc2+ 51. Ka2 Bxd3 52. Rc6+ Kd2 53.
h5 b4 54. h6 f4 55. Rb6 f3 56. Rxb4 f2 57. Rf4 Ke2 58. Kxa3 f1=Q 59. Rxf1 Kxf1
1/2-1/2

[Event "AUTO-ELITE-2588"]
[Site "http://www.queenalice.com/game.php?id=1859292"]
[Date "2025.7.3"]
[Round "1"]
[White "acid"]
[Black "Sexxy_Bunny"]
[Result "1/2-1/2"]
[WhiteElo "2719"]
[BlackElo "2691"]

1. b3 e5 2. Bb2 Nc6 3. e3 Nf6 4. Nf3 e4 5. Nd4 Nxd4 6. Bxd4 Be7 7. c4 O-O 8. Qc2
Re8 9. Nc3 c5 10. Bxf6 Bxf6 11. Be2 b6 12. f4 Bb7 13. Rd1 Qe7 14. g3 g6 15. a4
Rad8 16. h4 h6 17. Kf2 Bxc3 18. dxc3 Kg7 19. a5 d6 20. g4 Rh8 21. h5 g5 22. f5
Qc7 23. axb6 axb6 24. Qb2 Ra8 25. Ra1 Kf6 26. Rhd1 Rhd8 27. Rxa8 Rxa8 28. Bf1
Ke7 29. Ra1 Ra5 30. Rxa5 bxa5 31. Be2 Qb6 32. Qa2 Kf8 33. Bd1 Ke8 34. Ke2 d5 35.
cxd5 Bxd5 36. Kd2 Bc6 37. Be2 Bd5 38. Qa4+ Kf8 39. Kc2 c4 40. bxc4 Qxe3 41. Kd1
Qxc3 42. cxd5 e3 43. Qa2 Qd4+ 44. Ke1 Qb4+ 45. Kd1 Qd4+ 46. Ke1 Qb4+ 47. Kd1
Qd4+ 1/2-1/2

[Event "AUTO-ELITE-2592"]
[Site "http://www.queenalice.com/game.php?id=1861175"]
[Date "2025.8.5"]
[Round "1"]
[White "WoodpusherKid"]
[Black "acid"]
[Result "1/2-1/2"]
[WhiteElo "2450"]
[BlackElo "2704"]

1. c4 e5 2. g3 Nc6 3. Bg2 g6 4. Nc3 Bg7 5. d3 d6 6. a3 Nge7 7. e3 Be6 8. Nf3 h6
9. O-O Qd7 10. Qb3 a5 11. Bd2 O-O 12. a4 Nb4 13. d4 Bg4 14. d5 f5 15. Ne1 e4 16.
f3 exf3 17. Nxf3 c5 18. Nb5 g5 19. Bc3 Bxc3 20. Qxc3 Ng6 21. Rae1 Bxf3 22. Bxf3
Ne5 23. Re2 Na2 24. Qc2 Nb4 25. Qc3 Rf7 26. Rg2 Raf8 27. Be2 Rf6 28. h3 Kf7 29.
e4 Ke7 30. exf5 Rxf5 31. Re1 Kd8 32. Bg4 Nxg4 33. hxg4 Rf3 34. Qd2 Qxg4 35. Nxd6
Rxg3 36. Nxb7+ Kc7 37. Re7+ Kb6 38. Rxg3 Qxg3+ 39. Qg2 Qd3 40. Nd6 Nc6 41. Rb7+
1/2-1/2

[Event "AUTO-ELITE-2592"]
[Site "http://www.queenalice.com/game.php?id=1861176"]
[Date "2025.8.5"]
[Round "1"]
[White "acid"]
[Black "WoodpusherKid"]
[Result "1/2-1/2"]
[WhiteElo "2699"]
[BlackElo "2455"]

1. e4 e5 2. Nf3 Nc6 3. Bb5 Nf6 4. O-O Nxe4 5. Re1 Nd6 6. Nxe5 Nxe5 7. Rxe5+ Be7
8. Bf1 O-O 9. d4 Bf6 10. Re1 Re8 11. c3 Rxe1 12. Qxe1 a5 13. Bf4 Ne8 14. Nd2 d5
15. Bd3 g6 16. h3 Ng7 17. Qe2 Bg5 18. Bh2 Be6 19. Nf3 Be7 20. Re1 Bd6 21. Bxd6
Qxd6 22. a3 Qf4 23. Qd1 c6 24. Re5 Re8 25. a4 Bc8 26. Rxe8+ Nxe8 27. b4 axb4 28.
cxb4 Ng7 29. a5 Bf5 30. g3 Qd6 31. Bxf5 Nxf5 32. Qe1 Kf8 33. Kf1 f6 34. Qc3 Qe7
35. Nd2 Nd6 36. Qc5 Qe6 37. a6 bxa6 38. Qxc6 Ke7 39. Qxa6 Qxh3+ 40. Kg1 Qg4 41.
Qa7+ 1/2-1/2

[Event "kasker -2"]
[Site "http://www.queenalice.com/game.php?id=1862146"]
[Date "2025.8.25"]
[Round "2"]
[White "acid"]
[Black "Sexxy_Bunny"]
[Result "1/2-1/2"]
[WhiteElo "2694"]
[BlackElo "2641"]

1. d4 Nf6 2. Bg5 d5 3. e3 c5 4. Bxf6 gxf6 5. dxc5 e6 6. Nf3 Bxc5 7. Be2 Nc6 8.
O-O O-O 9. c4 d4 10. exd4 Nxd4 11. Nc3 f5 12. Na4 Nxf3+ 13. Bxf3 Be7 14. Qe2 Qc7
15. Nc3 a6 16. Rad1 Bf6 17. Rd3 Bd7 18. Rfd1 Rad8 19. c5 Bc6 20. Bxc6 Qxc6 21.
Qe3 Rxd3 22. Rxd3 Rd8 23. Rxd8+ Bxd8 24. Qd4 Bc7 25. b4 b6 26. cxb6 Bxb6 27. Qd3
Kf8 28. a3 Ke7 29. g3 Ba7 30. Ne2 Bb6 31. Nc3 Ba7 32. Ne2 Qd6 33. Qf3 Qd1+ 34.
Kg2 Kd6 35. Qf4+ Kd7 36. Qf3 Kd6 37. Qf4+ Kd7 38. Qf3 Kd6 1/2-1/2

[Event "AUTO-ELITE-2594"]
[Site "http://www.queenalice.com/game.php?id=1863263"]
[Date "2025.9.21"]
[Round "1"]
[White "arvo1938"]
[Black "acid"]
[Result "0-1"]
[WhiteElo "2259"]
[BlackElo "2690"]

1. c4 c5 2. Nc3 Nc6 3. Nf3 Nf6 4. e4 e5 5. d3 a6 6. Be2 Be7 7. O-O O-O 8. Nd5 b5
9. b3 d6 10. Rb1 Rb8 11. Bd2 Be6 12. a3 h6 13. Bc3 a5 14. Nxf6+ Bxf6 15. cxb5
Rxb5 16. d4 cxd4 17. Ba1 Rb7 18. Nd2 Bg5 19. Nf3 Qe7 20. Nxg5 hxg5 21. Qd2 Bxb3
22. Rfc1 Nb8 23. Qxa5 Nd7 24. Bb5 Ba2 25. Rb2 Be6 26. Bxd7 Qxd7 27. Rb4 Rfb8 28.
Bb2 Rxb4 29. axb4 Qb7 30. Qc7 Qxc7 31. Rxc7 Rxb4 32. Rc2 d3 33. Rd2 Rxe4 34. f3
Rb4 35. Ba3 Rd4 36. Bb2 Rd5 37. Kf2 g4 38. fxg4 Bxg4 39. Bc3 Bf5 40. h3 Rc5 0-1

[Event "AUTO-ELITE-2594"]
[Site "http://www.queenalice.com/game.php?id=1863264"]
[Date "2025.9.21"]
[Round "1"]
[White "acid"]
[Black "arvo1938"]
[Result "1-0"]
[WhiteElo "2688"]
[BlackElo "2288"]

1. Nf3 d5 2. d4 Nf6 3. c4 e6 4. Nc3 Bb4 5. Qa4+ Nc6 6. e3 O-O 7. Bd2 a5 8. a3
Bxc3 9. Bxc3 Ne4 10. Bd3 Bd7 11. Qc2 f5 12. O-O Qe7 13. Rac1 a4 14. h3 Rf6 15.
Be1 Rg6 16. Kh1 Qf6 17. b4 Ne7 18. Ne5 Be8 19. Nxg6 Nxg6 20. cxd5 exd5 21. Bxe4
fxe4 22. Qxc7 Qa6 23. Rg1 Nf8 24. Qe5 Bc6 25. Rc5 Re8 26. b5 Qxb5 27. Qxd5+ Bxd5
28. Rxb5 Bc6 29. Ra5 Rd8 30. Bb4 Ne6 31. Re5 b5 32. Rxe6 Bd5 33. Re7 1-0

[Event "AUTO-ELITE-2594"]
[Site "http://www.queenalice.com/game.php?id=1863269"]
[Date "2025.9.21"]
[Round "1"]
[White "acid"]
[Black "trompmaster"]
[Result "1-0"]
[WhiteElo "2691"]
[BlackElo "2358"]

1. b3 Nf6 2. Bb2 g6 3. Nf3 Bg7 4. c4 O-O 5. d4 c5 6. dxc5 Na6 7. g3 Nxc5 8. Bg2
Qa5+ 9. Nfd2 Qb6 10. Nc3 d6 11. O-O Bd7 12. Rb1 Rfc8 13. Qc2 a5 14. e4 h6 15. a3
e6 16. h3 Bc6 17. Ba1 Nfd7 18. Kh2 h5 19. f4 e5 20. f5 h4 21. gxh4 gxf5 22. Rxf5
Qd8 23. Nf3 Nf6 24. Rd1 Qb6 25. Qf2 Bxe4 26. Rxf6 Qxb3 27. Nd2 Qxd1 28. Nxd1
Bxf6 29. Ne3 Bxg2 30. Qxf6 Be4 31. h5 Bd3 32. h6 Ne6 33. Nf3 Rd8 34. Ng5 Rd7 35.
c5 Rc8 36. cxd6 Rc5 37. Nc4 b5 38. Bxe5 Rxe5 39. Nxe5 1-0